meritum Daň z přidané hodnoty 2021
Saved in:
| Main Author | |
|---|---|
| Format | Electronic eBook |
| Language | Czech |
| Published |
Wolters Kluwer
2021
|
| Edition | 1. elektronické vydání |
| Subjects | |
| Online Access | Dostupné v BOOKPORT po přihlášení pomocí eduID |
| ISBN | 978-80-7676-082-0 978-80-7676-081-3 |
| Physical Description | 1 online zdroj (152 stran) |
Cover
| LEADER | 00000nam a2200000 i 4500 | ||
|---|---|---|---|
| 001 | bkp790636666 | ||
| 003 | CZ-prgp | ||
| 005 | 20221111113033.0 | ||
| 006 | m o d | ||
| 007 | cr cn | ||
| 008 | 221111s2021 xr o 000 0 cze | ||
| 020 | |a 978-80-7676-082-0 |c 408 Kč |q (online ; epub) | ||
| 020 | |a 978-80-7676-081-3 |c 479 Kč |q (print) | ||
| 040 | |a Grada |b cze |e rda | ||
| 100 | 1 | |a Zdeňka, Hušáková | |
| 245 | 1 | 0 | |a meritum Daň z přidané hodnoty 2021 |c Hušáková Zdeňka |
| 250 | |a 1. elektronické vydání | ||
| 264 | 1 | |b Wolters Kluwer |c 2021 | |
| 300 | |a 1 online zdroj (152 stran) | ||
| 336 | |a text |b txt |2 rdacontent | ||
| 337 | |a počítač |b c |2 rdamedia | ||
| 338 | |a online zdroj |b cr |2 rdacarrier | ||
| 520 | 3 | |a Nové vydání již nabízíme v předprodeji ZDE >> meritum Daň z přidané hodnoty 2021 obsahuje z hlediska praktického využití srozumitelný výklad problematiky DPH a je koncipováno jako každodenní pomůcka pro všechny, kteří se chtějí v této oblasti orientovat. Publikace je rozdělena do tří částí: obecné principy daně z přidané hodnoty, uplatňování daně z přidané hodnoty, správa daně z přidané hodnoty. Ze změn pro rok 2021 vybíráme: úprava zálohy na nadměrný odpočet, úprava povinného elektronického podání na DPH, další změny navazující na předešlé novely či vstoupení již schválených změn v účinnost. Výklad je zpracován ve znění právních předpisů k 1. 1. 2021. | |
| 650 | 0 | 4 | |a Daně |
| 856 | 4 | 0 | |u https://www.bookport.cz/AccountSaml/SignIn/?idp=https://shibboleth.utb.cz/idp/shibboleth&returnUrl=/kniha/meritum-dan-z-pridane-hodnoty-2021-11121/ |y Dostupné v BOOKPORT po přihlášení pomocí eduID |